Statystyki dla PODCZAS PORANNEJ RUTYNY, CO NIEDOBRZE JEST ODKRYĆ, ŻE NIE DZIAŁA

Kliknij tutaj aby rozwiązać quiz!

Ogólne statystyki

  • Ten quiz został rozwiązany 13 razy
  • Średni wynik to 2 z 5

Statystyki odpowiedzi

Odpowiedź% Poprawnych
Telefon | Budzik
100%
Prysznic
50%
Samochód
50%
Ekspres do kawy
38%
Suszarka do włosów
0%

Rozkład punktacji

Percentyl według liczby udzielonych odpowiedzi

Procent ludzi z każdym wynikiem

Twoja historia wyników

Nie rozwiązałeś tego quizu